Di sản thế giới : Văn hóa - Tự nhiên - Hỗn hợp

Sách giới thiệu tổng quan những di sản văn hóa thế giới ở Châu Âu đã được UNESCO công nhận.

Spremljeno u:
Bibliografski detalji
Format: Knjiga
Jezik:Undetermined
Izdano: Thành phố Hồ Chí Minh Trẻ 2003
Teme:
Oznake: Dodaj oznaku
Bez oznaka, Budi prvi tko označuje ovaj zapis!
Thư viện lưu trữ: Trung tâm Học liệu Trường Đại học Cần Thơ
LEADER 00721nam a2200193Ia 4500
001 CTU_156577
008 210402s9999 xx 000 0 und d
082 |a 720.9 
082 |b D300/T.4 
245 0 |a Di sản thế giới : 
245 0 |b Văn hóa - Tự nhiên - Hỗn hợp 
245 0 |c Bùi Đẹp biên soạn 
260 |a Thành phố Hồ Chí Minh 
260 |b Trẻ 
260 |c 2003 
520 |a Sách giới thiệu tổng quan những di sản văn hóa thế giới ở Châu Âu đã được UNESCO công nhận. 
650 |a Architecture - aesthetics,Monuments 
904 |i Bạch Trúc 
980 |a Trung tâm Học liệu Trường Đại học Cần Thơ